02021nam a22003617a 4500003000900000005001700009007000300026008002900029020001500058040003000073082002500103092001700128100003300145240003300178245014800211246007500359264004200434300002900476336002800505337003400533338002900567490003200596505071500628590002601343650001401369650001201383650003201395700003301427910004101460942001201501952013101513999001501644DO-SdBPM20250707134754.0ta151210b2001 sp 00| 0 spa d a8495787008 aDO-SdBPMbspacBPMSUerda 4a158.1bE47L 2001222 axxxxxbxxxxx1 aEllis, Keith d1953- eautor10aThe magic lamp.lEspañol. 10aLa lámpara mágica : bcómo definir objetivos: para las personas que detestan definir objetivos /cKeith Ellis ; traductor Alberto Magnet.10aLa lámpara mágica :buna estratégia para alcanzar tus objetivos. aBarcelona : bEdiciones Urano, c2001 a244 páginas ; c21 cm atextobtxt2rdacontent  asin mediación bn2rdamedia avolumen bnc2rdacarrier0 aGestión del conocimiento.0 aPROCESO L.A.M.P. PASO 1: MANTEN EL RUMBO FIJO 25|¿Qué deseas? 27|La finalidad 37|¿Estás dispuesto a pagar el precio? 43|Formula un deseo presentable 47|El plan 57|PROCESO L.A.M.P. PASO 2: ACTUA|La inercia 71|Los hábitos 77|La zona confortable 91|El tiempo 97|La gestión del tiempo 113|Los problemas 121|La ayuda 133|PROCESO L.A.M.P. PASO 3: LA GESTIÓN DE TU PROGRESO|La concentración 141|La conexión 149|La flexibilidad 153|El mapa correcto 257|Fluir con la corriente 161|La lucha 163|Las actitudes 167|PROCESO L.A.M.P. PASO 4: PERSISTIR|La persistencia 173|Los asesinos del deseo 177|El mito de la autodisciplina 181|Respetar las pausas 185|El seguimiento 187|La paciencia 193|El despertar 197 aInventariado, 2025/VM 7aAptitudes 7aExito  7aMotivación (Psicología)1 aMagnet, Alberto etraductor  aVMateo V. Control de calidad. BPMSU  2ddccBK 00102ddc708CGaBPMETbBPMETd2015-12-10eDonaciónl0oBPMSU CG 158.1 E47L 2001pBPMSU15120124r2015-12-10w2015-12-10yBK c9087d9087